00179 a2200073 4500100002100000245003600021260003200057300001600089 aAbdul Razzaq Ali aIkhulaastheriya Komaandar NO:15 b Dhagatha Publishers c2017 a51p,c20cm.